Alfonso XII (Registro nro. 49293)

Detalles MARC
000 -LEADER
campo de control de longitud fija 00451nam a2200145 i 4500
001 - NÚMERO DE CONTROL
campo de control 49293
003 - IDENTIFICADOR DE NÚMERO DE CONTROL
campo de control ES-MaACL
007 - CAMPO FIJO DE DESCRIPCIÓN FÍSICA--INFORMACIÓN GENERAL
campo de control de longitud fija t|
008 - DATOS DE LONGITUD FIJA--INFORMACIÓN GENERAL
campo de control de longitud fija 030714s1943 sp ||||1| spa d
100 1# - ENTRADA PRINCIPAL--NOMBRE DE PERSONA
Nombre de persona Cortés Cavanillas, Julián.
9 (RLIN) 40878
245 10 - MENCIÓN DEL TÍTULO
Título Alfonso XII
Resto del título : el Rey romántico /
Mención de responsabilidad, etc. J. Cortés Cavanillas.
260 ## - PUBLICACIÓN, DISTRIBUCIÓN, ETC.
Lugar de publicación, distribución, etc. Madrid :
Nombre del editor, distribuidor, etc. Ediciones Aspas,
Fecha de publicación, distribución, etc. [1943] (
Fabricante Artes Gráficas)
300 ## - DESCRIPCIÓN FÍSICA
Extensión 448 p., 12 lám. ;
Dimensiones 22 cm.
852 ## - LOCALIZACIÓN
Ubicación ES-MaACL
Número de control de estantería B-3559
Sublocalización o colección R.20379
Existencias
Estatus retirado Estado de pérdida Estado de daño No para préstamo Biblioteca de origen Biblioteca actual Ubicación en estantería Fecha de adquisición Fuente de adquisición Total de préstamos Signatura topográfica completa Código de barras Visto por última vez Precio de reemplazo Tipo de ítem Koha
        Biblioteca del Ateneo de Madrid Biblioteca del Ateneo de Madrid Sala Pardo Bazán 17/01/2008     B-3559 1051871 23/02/2023 23/02/2023 Libro impreso